01179nam a2200301Ia 450000500170000000800410001702000180005804100080007608200180008410000180010224502020012025000180032230000640034050000320040450000550043653400310049165000280052265000410055065000410059170000310063270000320066370000350069526400240073033600270075433700330078133800280081404000350084220220317001755.0170328s2013 s ao g 000 0 s  a9788498743036 aspa04a646.408bK53c1 aKnight, Lorna10aCómo utilizar y adaptar patrones de costura a las formas de las mujerescLorna Knight ; fotografías Martin Norris ; ilustraciones Kuo Kang Chen y Tracy Turnbull ; traducción Ana María Aznar a1a. edición a173 páginasbilustraciones, fotografías en colorc26 cm aIncluye glosario e índice aIncluye datos biográficos de la autora en solapa tDressmaking for real women142LEMBaCosturavManuales142LEMBaPrendas de vestir para mujeres142LEMBaCorte y confecciónvPatrones1 aChen, Kuo Kangeilustrador1 aTurnbull, Tracyeilustrador1 aAznar, Ana Maríaetraductora aMadridbDraccc2013 atextobtxt2rdacontent asin mediaciónbn2rdamedia avolumenbnc2rdacarrier aCO-BoRNBPbspaerdacCO-BoRNBP